• 首页
  • 本馆介绍
  • 公告通知
  • 最新文献
  • 馆藏检索
  • 电子资源
  • 读者导购
  • 参考咨询
  • 我的图书馆
  • 登录
  • 详细信息显示
  • 放入我的书架
  • 预约/预借图书
  • 作者相关作品
  • 分类相关作品
  • 丛书相关作品
  • 出版社相关作品

书目信息

  • 表格格式
  • 工作单格式
  • 卡片格式
题名:
成就的动力
    
 
作者: 葛瑞 , Gray 著 ;覃卓颖 译
分册:  
出版信息: 长春   吉林人民出版社  2001
页数: 258页
开本: 20cm
丛书名: 成长系列
单 册:
中图分类: B848.4 , B82
科图分类:
主题词: 成功心理 , 成功心理--通俗读物 , 伦理学
电子资源:
ISBN: 7-206-03658-9
000 01173cam2 2200337 450
001 0938789125
005 20090929105233.06
010    @a7-206-03658-9@dCNY18.00
100    @a20010719d2001 em y0chiy0110 ea
101 1  @achi@ceng
102    @aCN@b220000
105    @ay z 000yy
106    @ar
200 1  @a成就的动力@Acheng jiu de dong li@e活得聪明活得好@f(美)约翰·葛瑞(John Gray)著@g覃卓颖译
210    @a长春@c吉林人民出版社@d2001
215    @a258页@d20cm
225 2  @a成长系列@v3
314    @a约翰·葛瑞(John Gray),婚姻家庭理论研究学者,著有《男人来自火星,女人来自金星》。
330    @a本书结合西方心理学的基础理论与东方冥想静坐的概念,在书中进行了精辟的剖析并提出了行之有效的方法。
461  0 @12001 @a成长系列@v3
510 1  @aHow to Get What You Want and Want What You Have@eA Practical and Spiritual Guide to Personal Success@zeng
606 0  @a成功心理
606 0  @a成功心理@j通俗读物
606 0  @a伦理学
690    @aB848.4@v4
690    @aB82@v4
701  1 @a葛瑞@Age rui@bJ.@4著
701  1 @aGray@bJohn@4著
702  0 @a覃卓颖@Aqin zhuo ying@4译
801  0 @aCN@bNLC@c20010725
905    @a10447@dB82@eJY52
    
    成就的动力:活得聪明活得好/(美)约翰·葛瑞(John Gray)著/覃卓颖译 .-长春:吉林人民出版社,2001
    258页;20cm .-(成长系列;3 )
    
    
    ISBN 7-206-03658-9:CNY18.00
    本书结合西方心理学的基础理论与东方冥想静坐的概念,在书中进行了精辟的剖析并提出了行之有效的方法。
●
相关链接 在E读中查询图书 在五车中查询图书 在当当中查询图书 在豆瓣中查询图书


正题名:成就的动力     索取号:B82/JY52         预约/预借

序号 登录号 条形码 馆藏地/架位号 状态 备注
1 7820190   278201900   学院路分馆/ [索取号:B82/JY52] 在馆    
2 7820191   278201919   学院路分馆/ [索取号:B82/JY52] 在馆    
3 7820192   278201928   学院路分馆/ [索取号:B82/JY52] 在馆    
4 7820193   278201937   学院路分馆/ [索取号:B82/JY52] 在馆    
唐山师范学院图书馆 欢迎您!
大连网信软件有限公司© 版权所有